01381cam a22002894a 4500952014400000952014700144952014700291999001700438001000900455003000500464005001700469008004100486020001800527040002000545050002300565100002100588245008100609250003200690260004300722300002600765490005200791504006400843650004400907650002300951856008300974942003401057 00102lcc4070aPACbPACcGENd2018-03-12ePurchasel2oBV 2063 .S23 2009 C.1p24771r2019-07-29 00:00:00s2019-07-17tC.1w2018-03-12yBK 00102lcc4070aPACbPACcGENd2018-03-12ePurchasel2m1oBV 2063 .S23 2009 C.2p24772r2021-09-27 00:00:00s2021-08-25tC.2w2018-03-12yBK 00102lcc4070aPACbPACcGENd2018-03-12ePurchasel2m2oBV 2063 .S23 2009 C.3p24773r2021-05-11 00:00:00s2021-02-05tC.3w2018-03-12yBK c29758d2975815298931PACU20180312175018.0080521s2009 nyu b 001 0 eng  a9781570758041 aPACUcPACUbeng00aBV 2063b.S23 20091 aSanneh, Lamin O.10aTranslating the message :bthe missionary impact on culture /cLamin Sanneh. a2nd ed., rev. and expanded. aMaryknoll, N.Y. :bOrbis Books,c2009. axii, 324 p. ;c24 cm.0 aAmerican society of missiology series ;vno. 42 aIncludes bibliographical references (p. 293-309) and index. 0aMissionsxAnthropological aspects.9959 0aMissionsxHistory.413Table of contents onlyuhttp://www.loc.gov/catdir/toc/ecip0818/2008021715.html 2lcccBKhBV 2063i.S23 m2009